000 00463nam a22001817a 4500
003 MPLRDC
005 20220104124007.0
008 210129b ||||| |||| 00| 0 eng d
082 _a889 JMMZ v.1485
100 _a莫妮卡. 哈特
245 _a表错十年情
_c科林译
250 _a初版
260 _a
_b精美出版社
_c1991
300 _b
490 _a精美名著. 1485
650 _a西洋小说之中文翻译
942 _cBK
_o889 JMMZ v.1485
999 _c15809
_d15799